Nhịp sóng xanh Bút ký
v.v...
Đã lưu trong:
| Tác giả chính: | |
|---|---|
| Định dạng: | Sách |
| Năm xuất bản: |
Huế
Thuận Hóa
2002
|
| Chủ đề: | |
| Tags: |
Thêm thẻ
Không có thẻ, Hãy là người đầu tiên gắn thẻ bản ghi này!
|
| LEADER | 01193nam a2200217 4500 | ||
|---|---|---|---|
| 082 | |a 895.922803 |b V312N | ||
| 100 | |a Vĩnh Nguyên | ||
| 245 | |a Nhịp sóng xanh |c Vĩnh Nguyên |b Bút ký | ||
| 260 | |a Huế |b Thuận Hóa |c 2002 | ||
| 300 | |a 127 tr. |c 19 cm. | ||
| 520 | |a v.v... | ||
| 653 | |a Văn học hiện đại | ||
| 653 | |a Việt Nam | ||
| 653 | |a Bút ký | ||
| 942 | |2 ddc |c STK0 | ||
| 999 | |c 2892 |d 2892 | ||
| 952 | |0 0 |1 0 |2 ddc |4 0 |6 895_922803000000000_V312N |7 1 |8 800 |9 33692 |a qbu |b qbu |c D5 |d 2014-12-15 |g 20000 |o 895.922803 V312N |p 949.c1 |r 0000-00-00 |w 2014-12-15 |y STK0 | ||
| 952 | |0 0 |1 0 |2 ddc |4 0 |6 895_922803000000000_V312N |7 0 |8 800 |9 33693 |a qbu |b qbu |c D5 |d 2014-12-15 |g 20000 |o 895.922803 V312N |p 949.c2 |r 0000-00-00 |w 2014-12-15 |y STK0 | ||
| 952 | |0 0 |1 0 |2 ddc |4 0 |6 895_922803000000000_V312N |7 0 |8 800 |9 33694 |a qbu |b qbu |c D5 |d 2014-12-15 |g 20000 |o 895.922803 V312N |p 949.c3 |r 0000-00-00 |w 2014-12-15 |y STK0 | ||
| 952 | |0 0 |1 0 |2 ddc |4 0 |6 895_922803000000000_V312N |7 0 |8 800 |9 33695 |a qbu |b qbu |c D5 |d 2014-12-15 |g 20000 |o 895.922803 V312N |p 949.c4 |r 0000-00-00 |w 2014-12-15 |y STK0 | ||
| 952 | |0 0 |1 0 |2 ddc |4 0 |6 895_922803000000000_V312N |7 0 |8 800 |9 33696 |a qbu |b qbu |c D5 |d 2014-12-15 |g 20000 |o 895.922803 V312N |p 949.c5 |r 0000-00-00 |w 2014-12-15 |y STK0 | ||